00896cam a22002655a 4500001001000000003000400010005001700014008004100031020001500072020001800087040002600105082002100131110004700152245005200199250002200251260004300273300002900316504005100345650004200396650005600438651001000494942000800504999001700512952010100529015187063OSt20180311144242.0070701s1970 nyua frb o001 0 eng d a0486209733 a9780486209739 aUkbengcUkdEG-ScBUE04222a621.395bBAS1 aUnited States.bBureau of Naval Personnel.10aBasic electricity /cBureau Of Naval Personnel. a2nd ed., Rev. ed. aNew York :bDover Publications,c1970. a490 p. :bill. ;c24 cm. aIncludes bibliographical references and index. 72BUEshaLogic designxData processing. 7aIntegrated circuitsxDesignxData processing2BUEsh 2BUEsh 2ddc c26272d26244 00102ddc4070aMAINbMAINc1STd2018-03-11l0o621.395 BASp000046489r2025-07-15 00:00:00yBB